World Capitals #6 - Statistics

General Stats
  • This quiz has been taken 13 times
  • The average score is 13 of 15
Answer Stats
Country Capital % Correct
Portugal Lisbon
100%
Luxembourg Luxembourg
100%
Spain Madrid
100%
Monaco Monaco
100%
France Paris
100%
Tunisia Tunis
100%
Egypt Cairo
92%
Morroco Rabat
92%
Libya Tripoli
92%
Andorra Andorra La Vella
85%
Senegal Dakar
85%
Guinea-bissau Bissau
77%
Guinea Conakry
77%
Mauritania Nouakchott
69%
Cape Verde Praia
54%
No matching quizzes found
Score Distribution
Percent of People with Each Score
Percentile by Number Answered
Your Score History
You have not taken this quiz